00403nam a22001332 4500001001100000005001700011008004100028040001500069050001700084245008500101260003000186300001000216650004300226000000351820151217155823.0070509s xx 000 0 eng d aKABUcKABU 0aLA1562b.C4310aChallenges of implementing free primary education in Kenya :bassessment report. aNairobi :bUnesco,c2005. a90 p. 0aEducation, PrimaryzKenya.@0000153495